Statistics for Best Ranking Eurovision Countries 2004-2021

Click here to take the quiz!

General Stats

  • This quiz has been taken 3,003 times
    (657 since last reset)
  • The average score is 11 of 15

Answer Stats

Average
Placement

Country
% Correct
10.00Sweden
98%
7.20Italy
96%
8.53Ukraine
93%
8.25Russia
91%
15.35Norway
91%
16.53France
90%
12.88Greece
84%
15.08Serbia
81%
8.89Turkey
70%
11.00Azerbaijan
69%
12.50Australia
64%
15.00Romania
61%
14.62Armenia
54%
12.40Bosnia and Herzegovina
40%
4.50Serbia and Montenegro
31%

Score Distribution

Percentile by Number Answered

Percent of People with Each Score

Your Score History

You have not taken this quiz since the last reset